[Event "AZE-ch 1st League"]
[Site "Baku"]
[Date "2025.01.11"]
[Round "6"]
[White "Alizada, Agshin"]
[Black "Allajov, Ramil"]
[Result "0-1"]
[WhiteElo "2116"]
[BlackElo "2079"]
[PlyCount "158"]
[EventDate "2025.01.06"]
[EventType "swiss"]
[EventRounds "9"]
[EventCountry "AZE"]
[SourceTitle "CB03_2025"]
[SourceDate "2025.01.15"]
[SourceVersion "1"]
[SourceVersionDate "2025.01.15"]
[SourceQuality "1"]

1. d4 Nf6 2. Nf3 g6 3. Bf4 d6 4. Nc3 Bg7 5. Qd2 Nbd7 6. Bh6 Bxh6 7. Qxh6 c5 8. 0-0-0 a6 9. e4 cxd4 10. Rxd4 b5 11. Nd5 Qa5 12. a3 Bb7 13. Bd3 Bxd5 14. exd5 Ne5 15. Kb1 Qb6 16. c3 Qc5 17. Re1 Nxf3 18. gxf3 Rg8 19. Qg5 Kd8 20. Bc2 Ra7 21. Bb3 Qc8 22. c4 Qf5+ 23. Qxf5 gxf5 24. cxb5 axb5 25. Rb4 Ra5 26. Rf4 Rg2 27. h4 Rxf2 28. Rxf5 Ra7 29. Rf4 Rc7 30. Rd1 Rc5 31. Ka2 h6 32. Rd3 Rc1 33. a4 Rff1 34. Ka3 bxa4 35. Bxa4 Rc5 36. Bb3 Ra1+ 37. Kb4 Ra7 38. Bc4 Nd7 39. b3 Ne5 40. Re3 Rb7+ 41. Kc3 Rbc7 42. Rd4 Ke8 43. f4 Nxc4 44. Rxc4 Rxc4+ 45. bxc4 Kf8 46. Rg3 Ra7 47. Kd4 Ra1 48. f5 Rh1 49. Rg4 h5 50. Re4 Rf1 51. f6 exf6 52. Ke3 Re1+ 53. Kd3 Rh1 54. Kd2 f5 55. Rf4 Ke7 56. Rxf5 Rxh4 57. Kc3 Rh1 58. Kb4 h4 59. Kb5 h3 60. Rf2 Rc1 61. Rh2 Rc3 62. Re2+ Kf6 63. Rf2+ Kg6 64. Kc6 Rxc4+ 65. Kxd6 Rh4 66. Rh2 f5 67. Ke5 Re4+ 68. Kd6 Re3 69. Kc5 Kg5 70. Rh1 Kg4 71. d6 f4 72. Rg1+ Kf3 73. Rf1+ Kg3 74. Kd4 Re6 75. Kc5 Re8 76. Rg1+ Kf2 77. Rg6 f3 78. Kd4 Rh8 79. Ke4 h2 0-1

[Event "AZE-ch 1st League"]
[Site "Baku"]
[Date "2025.01.10"]
[Round "5"]
[White "Allajov, Ramil"]
[Black "Safarli, Ramzi"]
[Result "1-0"]
[WhiteElo "2079"]
[BlackElo "1792"]
[PlyCount "105"]
[EventDate "2025.01.06"]
[EventType "swiss"]
[EventRounds "9"]
[EventCountry "AZE"]
[SourceTitle "CB03_2025"]
[SourceDate "2025.01.15"]
[SourceVersion "1"]
[SourceVersionDate "2025.01.15"]
[SourceQuality "1"]

1. e4 c5 2. Nf3 a6 3. g3 g6 4. Bg2 Bg7 5. 0-0 Nc6 6. c3 Nf6 7. e5 Nd5 8. d4 cxd4 9. cxd4 d6 10. Qb3 e6 11. exd6 Qxd6 12. Nc3 0-0 13. Nxd5 Qxd5 14. Qxd5 exd5 15. Be3 Bg4 16. Rfd1 Rfe8 17. h3 Bf5 18. Ne1 Be4 19. Bf1 Rac8 20. Rac1 Na7 21. Rxc8 Nxc8 22. Bf4 h6 23. Bc7 g5 24. Ng2 Ne7 25. Ba5 Nf5 26. Bc3 Bf3 27. Rd3 Be4 28. Rd2 Bf3 29. g4 Nd6 30. Rd3 Be4 31. Re3 f5 32. f3 f4 33. fxe4 fxe3 34. e5 Nc4 35. Bxc4 dxc4 36. Nxe3 b5 37. Kf2 Bf8 38. a3 Rd8 39. Nc2 Kf7 40. Ke3 h5 41. Ke4 hxg4 42. hxg4 Kg6 43. d5 Re8 44. e6 Rd8 45. Nd4 Bd6 46. Nf5 Bf4 47. Be5 Bxe5 48. Kxe5 Rh8 49. d6 Rh2 50. d7 Re2+ 51. Kd5 Rxb2 52. d8Q Rd2+ 53. Nd4 1-0

[Event "AZE-ch 1st League"]
[Site "Baku"]
[Date "2025.01.09"]
[Round "4"]
[White "Salimov, Shovkat"]
[Black "Allajov, Ramil"]
[Result "1-0"]
[WhiteElo "1977"]
[BlackElo "2079"]
[PlyCount "149"]
[EventDate "2025.01.06"]
[EventType "swiss"]
[EventRounds "9"]
[EventCountry "AZE"]
[SourceTitle "CB03_2025"]
[SourceDate "2025.01.15"]
[SourceVersion "1"]
[SourceVersionDate "2025.01.15"]
[SourceQuality "1"]

1. e4 c5 2. Nf3 d6 3. d4 cxd4 4. Nxd4 Nf6 5. Nc3 a6 6. h3 e5 7. Nb3 Be6 8. f4 Qc7 9. f5 Bc4 10. Bg5 Nbd7 11. Qf3 b5 12. Bxc4 Qxc4 13. Nd2 Qc6 14. a3 Rb8 15. 0-0 Be7 16. Kh1 h6 17. Bh4 Nb6 18. Rfd1 Nfd7 19. Bxe7 Kxe7 20. Nf1 Nf6 21. Ne3 Rhc8 22. Ncd5+ Nbxd5 23. Nxd5+ Nxd5 24. Rxd5 f6 25. c3 Rb6 26. Rad1 Qe8 27. Qg3 Qf7 28. R1d3 Rcc6 29. Qg4 Kf8 30. Qd1 Qc7 31. Rd2 a5 32. Kh2 Qb8 33. a4 b4 34. cxb4 Rxb4 35. Rxa5 Rxe4 36. Rb5 Qd8 37. Qb3 Rec4 38. Rb8 Rc8 39. Rb7 d5 40. Qb5 d4 41. Rd7 Qe8 42. Qb7 Rb8 43. Qd5 Rcc8 44. Rd3 Rd8 45. Qc5+ Kg8 46. Re7 Qf8 47. Rg3 Kh8 48. Rgxg7 Qxg7 49. Rxg7 Kxg7 50. Qe7+ Kg8 51. Qe6+ Kg7 52. Qe7+ Kg8 53. Qxf6 d3 54. Qg6+ Kf8 55. Qxh6+ Ke7 56. Qe6+ Kf8 57. Qf6+ Kg8 58. Qe7 Rf8 59. Qg5+ Kh8 60. Qh6+ Kg8 61. Qg6+ Kh8 62. f6 Rb7 63. Qxd3 Rxf6 64. Qd5 Rxb2 65. Qxe5 Rbb6 66. a5 Rbe6 67. Qb5 Kg7 68. h4 Rd6 69. Kh3 Rc6 70. h5 Rfe6 71. g4 Rcd6 72. Kh4 Kf7 73. Qf5+ Ke7 74. Qh7+ Kf6 75. h6 1-0

[Event "AZE-ch 1st League"]
[Site "Baku"]
[Date "2025.01.08"]
[Round "3"]
[White "Allajov, Ramil"]
[Black "Suleymanli, Suleyman"]
[Result "0-1"]
[WhiteElo "2079"]
[BlackElo "2280"]
[PlyCount "102"]
[EventDate "2025.01.06"]
[EventType "swiss"]
[EventRounds "9"]
[EventCountry "AZE"]
[SourceTitle "CB03_2025"]
[SourceDate "2025.01.15"]
[SourceVersion "1"]
[SourceVersionDate "2025.01.15"]
[SourceQuality "1"]

1. c4 e6 2. d4 d5 3. Nf3 Nf6 4. Bg5 Be7 5. Nc3 0-0 6. e3 b6 7. cxd5 Nxd5 8. Bxe7 Qxe7 9. Nxd5 exd5 10. Be2 Be6 11. 0-0 Nd7 12. Qa4 c5 13. Qa3 Rfc8 14. Rac1 Kf8 15. dxc5 bxc5 16. b3 a5 17. Bb5 a4 18. bxa4 c4 19. Qc3 Nc5 20. Ne5 Kg8 21. a5 Ne4 22. Qd4 Qc5 23. Qxc5 Rxc5 24. Bc6 Raxa5 25. Nxc4 Ra7 26. Ne5 Nc3 27. Bb5 Rac7 28. Rxc3 Rxc3 29. a4 f6 30. Nf3 Bd7 31. Nd4 Rc1 32. Bxd7 Rxf1+ 33. Kxf1 Rxd7 34. Nb5 Rd8 35. Ke2 Kf7 36. Kd3 Ra8 37. Nc3 Ke6 38. Kd4 Kd6 39. Nb5+ Kc6 40. Nc3 Ra5 41. g4 Rc5 42. Kd3 Rc4 43. e4 Kc5 44. Nxd5 Rxa4 45. Ke3 Ra3+ 46. Kf4 Rh3 47. Nc7 g5+ 48. Kf5 Kd6 49. e5+ Kxc7 50. exf6 Kd7 51. Kxg5 Rxh2 0-1

[Event "Cesme op 6th"]
[Site "Cesme"]
[Date "2018.06.27"]
[Round "2"]
[White "Allajov, Ramil"]
[Black "Sadikhov, Ulvi Ramil Oglu"]
[Result "0-1"]
[WhiteElo "2168"]
[BlackElo "2484"]
[PlyCount "80"]
[EventDate "2018.06.26"]
[EventType "swiss"]
[EventRounds "9"]
[EventCountry "TUR"]
[SourceTitle "CBM 185 Extra"]
[Source "ChessBase"]
[SourceDate "2018.07.29"]
[SourceVersion "1"]
[SourceVersionDate "2018.07.29"]
[SourceQuality "1"]

1. e4 c5 2. Nf3 e6 3. Nc3 a6 4. g3 Nc6 5. Bg2 Nf6 6. 0-0 d6 7. d4 cxd4 8. Nxd4 Bd7 9. b3 Be7 10. Bb2 0-0 11. Qd2 Qc7 12. Rfd1 Rac8 13. Rac1 Rfd8 14. Nce2 e5 15. Nxc6 Bxc6 16. Nc3 b5 17. Nd5 Qb7 18. Bc3 Bxd5 19. exd5 Nd7 20. Ba5 Re8 21. Qb4 Nc5 22. c4 Bg5 23. Rc2 e4 24. h4 Bf6 25. cxb5 axb5 26. Bf1 Rb8 27. Rxc5 dxc5 28. Qxc5 e3 29. fxe3 Rec8 30. Qb4 Qa7 31. Qd2 b4 32. Bxb4 Be5 33. Kh2 Qb6 34. a3 Qg6 35. Bc4 Qxg3+ 36. Kh1 Qxh4+ 37. Kg1 Qg4+ 38. Kf1 Rd8 39. Be7 Qf3+ 40. Kg1 Rb6 0-1

[Event "Rasht Khazar op 13th"]
[Site "Rasht"]
[Date "2015.02.14"]
[Round "5"]
[White "Pourramezanali, Amirreza"]
[Black "Allajov, Ramil"]
[Result "1-0"]
[WhiteElo "2432"]
[BlackElo "2183"]
[PlyCount "141"]
[EventDate "2015.02.11"]
[EventType "swiss"]
[EventRounds "9"]
[EventCountry "IRI"]
[SourceTitle "CBM 164 Extra"]
[Source "ChessBase"]
[SourceDate "2015.03.02"]
[SourceVersion "1"]
[SourceVersionDate "2015.03.02"]
[SourceQuality "1"]

1. e4 g6 2. d4 Bg7 3. Nf3 d6 4. Bc4 Nf6 5. Qe2 0-0 6. e5 dxe5 7. dxe5 Nd5 8. 0-0 c6 9. Rd1 Bg4 10. h3 Bxf3 11. Qxf3 Bxe5 12. Bxd5 cxd5 13. Rxd5 Qc7 14. Na3 Bg7 15. c3 e6 16. Rd3 Nc6 17. Bf4 e5 18. Be3 Qe7 19. Qg4 Rfd8 20. Rad1 Rxd3 21. Rxd3 Rd8 22. Bg5 f6 23. Qc4+ Qf7 24. Rxd8+ Nxd8 25. Qc8 fxg5 26. Qxd8+ Bf8 27. Nc2 Qxa2 28. Ne3 Qxb2 29. Qd5+ Kg7 30. Qd7+ Kg8 31. Qe6+ Kg7 32. Qxe5+ Kf7 33. Qc7+ Kg8 34. Qc4+ Kg7 35. Qd4+ Kf7 36. Qxa7 Qb1+ 37. Kh2 Qe4 38. Qa5 Bd6+ 39. g3 Qf3 40. Qa2+ Kg7 41. Qd2 Be5 42. Kg1 h5 43. c4 Qc6 44. Qd3 Qf3 45. Qd7+ Qf7 46. Qd8 Bf6 47. Qd3 Qe6 48. g4 h4 49. Kg2 Be7 50. Nd5 Qe5 51. Qb1 Bd6 52. Qxb7+ Kh6 53. Qb3 Qe4+ 54. Kf1 Bc5 55. Qc3 Bd4 56. Qa3 Qb1+ 57. Kg2 Qc2 58. Qf8+ Bg7 59. Ne3 Qb2 60. Qd6 Kh7 61. Qe7 Kh6 62. Qe6 Kh7 63. Nd5 Bd4 64. Qf7+ Kh6 65. Qf8+ Bg7 66. Qf3 Qd4 67. Ne3 Qc3 68. Qc6 Kh7 69. Qd5 Be5 70. Qf7+ Kh6 71. Nf5+ 1-0

[Event "Baku President's Cup 2nd"]
[Site "Baku"]
[Date "2007.05.05"]
[Round "3"]
[White "Allajov, Ramil"]
[Black "Mamedjarova, Zeinab"]
[Result "1/2-1/2"]
[WhiteElo "2093"]
[BlackElo "2354"]
[PlyCount "78"]
[EventDate "2007.05.03"]
[EventType "swiss"]
[EventRounds "9"]
[EventCountry "AZE"]
[SourceTitle "CBM 118 Extra"]
[Source "ChessBase"]
[SourceDate "2007.07.04"]
[SourceVersion "1"]
[SourceVersionDate "2007.07.04"]
[SourceQuality "1"]

1. e4 e5 2. Nf3 d6 3. d4 exd4 4. Nxd4 Nf6 5. Nc3 Be7 6. Be2 0-0 7. 0-0 Re8 8. f4 Bf8 9. Bf3 c6 10. a4 a5 11. Nb3 Na6 12. Be3 d5 13. e5 Nd7 14. Qd2 f6 15. e6 Rxe6 16. Nxd5 Rd6 17. c4 cxd5 18. c5 Ndxc5 19. Bxc5 Nxc5 20. Nxc5 b6 21. Nb3 Bf5 22. Nd4 Be4 23. Bg4 Qe8 24. b3 Qf7 25. f5 Rdd8 26. Ne6 Rdc8 27. Bf3 Bb4 28. Qf4 Qb7 29. Rac1 Bc3 30. Rcd1 Be5 31. Qg4 Ra7 32. Rfe1 Bxf3 33. Qxf3 Rc3 34. Qxd5 Qxd5 35. Rxd5 g6 36. Rd8+ Kf7 37. Rh8 gxf5 38. Rxh7+ Kxe6 39. Rxa7 Rxb3 1/2-1/2

[Event "Baku President's Cup 2nd"]
[Site "Baku"]
[Date "2007.05.03"]
[Round "1"]
[White "Allajov, Ramil"]
[Black "Miezis, Normunds"]
[Result "1-0"]
[WhiteElo "2093"]
[BlackElo "2521"]
[PlyCount "69"]
[EventDate "2007.05.03"]
[EventType "swiss"]
[EventRounds "9"]
[EventCountry "AZE"]
[SourceTitle "CBM 118 Extra"]
[Source "ChessBase"]
[SourceDate "2007.07.04"]
[SourceVersion "1"]
[SourceVersionDate "2007.07.04"]
[SourceQuality "1"]

1. d4 Nf6 2. Nf3 e6 3. g3 b5 4. Bg2 Bb7 5. 0-0 c5 6. c3 Na6 7. Bf4 Be7 8. a4 b4 9. dxc5 Bxc5 10. cxb4 Nxb4 11. Na3 Nbd5 12. Be5 d6 13. Bd4 Bb6 14. e4 Nxe4 15. Bxg7 Rg8 16. Bd4 h5 17. Re1 f5 18. Nc4 Bxd4 19. Nxd4 Nf4 20. Nxf5 exf5 21. Nxd6+ Kf8 22. Nxb7 Qxd1 23. Raxd1 Nxg2 24. Kxg2 Rb8 25. Rd5 Rg6 26. Rxf5+ Rf6 27. Rxf6+ Nxf6 28. Nc5 Rxb2 29. Re6 Ng4 30. Ne4 a5 31. h3 Ne3+ 32. Kf3 Nc4 33. Kf4 Ra2 34. Kf5 Rxa4 35. Kg6 1-0

[Event "AZE-ch U20"]
[Site "Baku"]
[Date "2004.01.30"]
[Round "?"]
[White "Gurbanov, Sabukhi"]
[Black "Allajov, Ramil"]
[Result "1-0"]
[WhiteElo "2085"]
[BlackElo "2067"]
[PlyCount "61"]
[EventDate "2004.01.??"]
[EventType "swiss"]
[EventRounds "9"]
[EventCountry "AZE"]
[SourceTitle "EXT 2005"]
[Source "ChessBase"]
[SourceDate "2004.11.15"]
[SourceVersion "1"]
[SourceVersionDate "2004.11.15"]
[SourceQuality "1"]

1. e4 e5 2. Nf3 Nc6 3. Bb5 a6 4. Ba4 Nf6 5. 0-0 Be7 6. Re1 b5 7. Bb3 0-0 8. h3 d6 9. c3 Na5 10. Bc2 c5 11. a4 Bd7 12. d4 cxd4 13. cxd4 Nc6 14. axb5 axb5 15. Rxa8 Qxa8 16. Nc3 Nxd4 17. Nxd4 exd4 18. Qxd4 Bc6 19. Nd5 Bxd5 20. exd5 Bd8 21. Bf4 Ba5 22. Ra1 Qd8 23. Bg5 Bb6 24. Qd3 g6 25. Qc3 Kg7 26. Ra8 Qxa8 27. Qxf6+ Kg8 28. Bh6 Bd4 29. Qxd4 f6 30. Bxf8 Qxf8 31. Bd3 1-0